Técnicas avanzadas en C : desarrollo de aplicaciones /
Guardado en:
| Autor Principal: | |
|---|---|
| Otros Autores: | |
| Formato: | Libro |
| Idioma: | Spanish English |
| Publicado: |
Madrid :
Anaya Multimedia,
c1986.
|
| Materias: | |
| Etiquetas: |
Agregar Etiqueta
Sin Etiquetas, Sea el primero en etiquetar este registro!
|
| LEADER | 00725nam a22001935a 4500 | ||
|---|---|---|---|
| 001 | MAT.inmabb004316 | ||
| 008 | 070301s1986####sp#a##########001#0#spa#d | ||
| 005 | 20160606173412.0 | ||
| 245 | 1 | 0 | |a Técnicas avanzadas en C : |b desarrollo de aplicaciones / |c Gerald E. Sobelman, David E. Krekelberg. |
| 260 | |a Madrid : |b Anaya Multimedia, |c c1986. | ||
| 300 | |a 311 p. : |b il. ; |c 23 cm. + |e 1 diskette. | ||
| 500 | |a Traducción de: Advanced C : techniques and applications. Indianapolis, Ind. : Que Corp., c1985. | ||
| 020 | |a 8476141173 | ||
| 100 | 1 | |a Sobelman, Gerald E. | |
| 700 | 1 | |a Krekelberg, David E. | |
| 084 | |a 68N15 |2 msc2000 | ||
| 650 | 0 | |a C (Computer program language) | |
| 041 | 1 | |a spa |h eng | |
| 859 | |h 68 |i Co677 |p A-6063 |b BIB. MATEMATICA | ||
